LEADER 01212nam0 2200313 450 001 000028214 005 20110210144100.0 010 $a978-2-268-06936-4 100 $a20110210d2010----km-y0itaa50------ba 101 0 $afre 102 $aFR 200 1 $a<> Serpent à plumes pour Haïti$ftextes: Dany Laferrière, Evelyne Trouillot, Louis Philippe Dalembert... [et al.]$gphotos: Fred Koenig et David Damoison ; tableau, Hervé Télémaque$gtableau: Hervé Télémaque 210 $a[Paris]$c<> Serpent a plumes$d2010 215 $a175 p.$cill.$d30 cm 607 1 $aHaiti$xAntologie 676 $a840.8$v(22. ed.)$9Letteratura francese. Raccolte 702 1$aLaferriere,$bDany 702 1$aTrouillot,$bEvelyne 702 1$aDalembert,$bLouis Philippe 702 1$aKoenig,$bFred 702 1$aDamoison,$bDavid 801 0$aIT$bUniversità della Basilicata - B.I.A.$gRICA$2unimarc 912 $a000028214 996 $aSerpent à plumes pour Haïti$91528815 997 $aUNIBAS BAS $aLETTERE CAT $aMDL$b30$c20110210$lBAS01$h1441 FMT Z30 -1$lBAS01$LBAS01$mBOOK$1BASA1$APolo Storico-Umanistico$2DID$BDidattica$3FG/109812$6109812$5L109812$820110210$f04$FPrestabile Didattica LEADER 01751nam0-2200529---450 001 990000853610203316 005 20180308150902.0 010 $a88-317-5337-1 035 $a0085361 035 $aUSA010085361 035 $a(ALEPH)000085361USA01 035 $a0085361 100 $a20020108d1990----km-y0itay50------ba 101 0 $aita 102 $aIT 105 $ay|||z|||001yy 200 1 $aSegni dei tempi$eil modello apocalittico nella tradizione occidentale$fAugusto Placanica 210 $aVenezia$cMarsilio$d1990 215 $aXXVIII, 343 p.$d21 cm 225 2 $aSaggi Marsilio$iStoria e scienze sociali 410 0$12001$aSaggi Marsilio$iStoria e scienze sociali 610 0 $aMillenarismo$xSaggi 676 $a001.9 700 1$aPLACANICA,$bAugusto$032646 801 0$aIT$bsalbc$gISBD 912 $a990000853610203316 951 $aII.2. 4752(Varie Coll. 939/10)$b101658 L.M.$cII.2.$d00063703 951 $aII.2. 4752a(Varie Coll. 939/10 Bis)$b103298 L.M.$cII.2.$d00063705 951 $aII.2. 4752b(Varie Coll. 939/10 A)$b103299 L.M.$cII.2.$d00063704 951 $aCC 901 PLA$b4756 FIL 959 $aBK 969 $aUMA 969 $aFIL 979 $aPATTY$b90$c20020108$lUSA01$h1505 979 $aPATTY$b90$c20020108$lUSA01$h1506 979 $aPATTY$b90$c20020108$lUSA01$h1506 979 $c20020403$lUSA01$h1730 979 $aPATRY$b90$c20040406$lUSA01$h1659 979 $aCOPAT2$b90$c20050211$lUSA01$h1049 979 $aANNAMARIA$b90$c20071203$lUSA01$h1721 979 $aANNAMARIA$b90$c20071203$lUSA01$h1728 979 $c20121027$lUSA01$h1546 979 $c20121027$lUSA01$h1604 979 $c20121027$lUSA01$h1610 996 $aSegni dei tempi$9496783 997 $aUNISA DEB $aSA0001780